000 01216nam0a22002891 4500
001 rc\661585
005 20260406134137.0
035 _a(NLR Aleph) 005900709
090 _a6273839
_c6273839
100 _a20031121d1986 |||y0rusy50 ca
101 0 _arus
102 _aRU
105 _aa |||||||||
200 1 _aУ Лукоморья
_eРассказы хранителя Пушкин. заповедника
_fС.С. Гейченко
_g[Вступ. ст. М. Дудина
_gРис. В.М. Звонцова]
210 _aЛ.
_cЛениздат
_d1986
215 _a493, [1] с.
_cил.
_d17
600 1 _aПушкин
_bА.С.
_f1799 - 1837
_gАлександр Сергеевич
_91155086
_3RU\NLR\AUTH\66143362
700 1 _aГейченко
_bС.С.
_f1903-1993
_gСемен Степанович
_3RU\NLR\AUTH\7766124
_949053
702 1 _aДудин
_bМ.
_4080
702 1 _aЗвонцов
_bВ. М.
_f1917-1994
_gВасилий Михайлович
_4440
712 0 2 _aМузей-заповедник А. С. Пушкина
_cПсковская обл.
_3RU\NLR\AUTH\889917203
_9330579
801 0 _aRU
_bNLR
_gpsbo
801 1 _aRU
_bELAR
_2rusmarc
852 _aNLR
_j86-2/2279
942 _cBOOK
980 _aNB